Statistics for Падежи српског језика

Click here to take the quiz!

General Stats

  • This quiz has been taken 1 043 times
  • The average score is 7 of 7

Answer Stats

ПитањеПадеж% Correct
Ко? Шта?Номинатив
100%
Коме? Чему?Датив
98%
Кога (видим)? Шта (гледам)?Акузатив
98%
Кога? Чега?Генитив
97%
Ој! Хеј!Вокатив
96%
О коме? О чему?Локатив
96%
С ким(е)? Чим(е)?Инструментал
95%

Score Distribution

Percentile by Number Answered

Percent of People with Each Score

Your Score History

You have not taken this quiz